000 01266nam a22003374a 4500
001 ebr10173678
003 CaPaEBR
006 m u
007 cr cn|||||||||
008 060320s2006 maua sb 001 0 eng
010 _z 2006044885
015 _aGBA670938
_2bnb
016 7 _z013532829
_2Uk
020 _z0262134721 (hc. : alk. paper)
020 _z9780262134729 (hc. : alk. paper)
040 _aCaPaEBR
_cCaPaEBR
035 _a(OCoLC)76065946
050 1 4 _aTA168
_b.M255 2006eb
082 0 4 _a650.1
_222
100 1 _aMaeda, John.
245 1 4 _aThe laws of simplicity
_h[electronic resource] /
_cJohn Maeda.
260 _aCambridge, Mass. :
_bMIT Press,
_cc2006.
300 _aix, 100, [6] p. :
_bill.
500 _a"Design, technology, business, life."
504 _aIncludes bibliographical references (p. [102-103]) and index.
533 _aElectronic reproduction.
_bPalo Alto, Calif. :
_cebrary,
_d2013.
_nAvailable via World Wide Web.
_nAccess may be limited to ebrary affiliated libraries.
650 0 _aSystems engineering.
655 7 _aElectronic books.
_2local
710 2 _aebrary, Inc.
856 4 0 _uhttp://site.ebrary.com/lib/rucke/Doc?id=10173678
_zAn electronic book accessible through the World Wide Web; click to view
999 _c137694
_d137694